Linking conservation and poverty reduction: landscapes, people and power (Record no. 82210)

MARC details
000 -LEADER
fixed length control field 01365nam a2200253 a 4500
008 - FIXED-LENGTH DATA ELEMENTS--GENERAL INFORMATION
fixed length control field 100122s2008 ||||||||||||||||| || u
020 ## - INTERNATIONAL STANDARD BOOK NUMBER
International Standard Book Number 9781844076369
050 ## - LIBRARY OF CONGRESS CALL NUMBER
Classification number HC 79.P6 LIN
100 ## - MAIN ENTRY--PERSONAL NAME
Personal name Jackson, William
245 10 - TITLE STATEMENT
Title Linking conservation and poverty reduction: landscapes, people and power
Statement of responsibility, etc. by Robert Fisher; [and others]
260 ## - PUBLICATION, DISTRIBUTION, ETC.
Place of publication, distribution, etc. London:
Name of publisher, distributor, etc. Earthscan
Date of publication, distribution, etc. 2008
300 ## - PHYSICAL DESCRIPTION
Extent xiv, 146p.: ill.
350 ## -
-- 0.00
650 ## - SUBJECT ADDED ENTRY--TOPICAL TERM
Topical term or geographic name entry element RURAL DEVELOPMENT--CITIZEN PARTICIPATION
650 ## - SUBJECT ADDED ENTRY--TOPICAL TERM
Topical term or geographic name entry element POOR--RESEARCH--DEVELOPING COUNTRIES
650 ## - SUBJECT ADDED ENTRY--TOPICAL TERM
Topical term or geographic name entry element RURAL POOR
650 ## - SUBJECT ADDED ENTRY--TOPICAL TERM
Topical term or geographic name entry element SUSTAINABLE DEVELOPMENT--ARAB REGION
700 ## - ADDED ENTRY--PERSONAL NAME
Personal name Maginnis, Stewart
700 ## - ADDED ENTRY--PERSONAL NAME
Personal name Fisher, Robert
995 ## -
-- MAIN LIBRARY OPEN ACCESS
-- 0.00
-- 740498
-- CBU-MAIN LIBRARY (Kitwe)
-- 1
-- 0.00
-- HC 79.P6 LIN
-- 2
-- AVAILABLE
-- Mar 1, 2010
-- 740498
-- Main Library Open Access Collection
995 ## -
-- ANNEX COLLECTION (Main Library)
-- 742744
-- CBU-MAIN LIBRARY (Kitwe)
-- 0.00
-- HC 79.P6 LIN
-- 4
-- AVAILABLE
-- Sep 4, 2012
-- 742744
-- Annex Low-Usage Collection
995 ## -
-- MAIN LIBRARY OPEN ACCESS
-- 0.00
-- 741918
-- CBU-MAIN LIBRARY (Kitwe)
-- 1
-- 0.00
-- HC 79.P6 LIN
-- 3
-- AVAILABLE
-- Nov 16, 2010
-- 741918
-- Main Library Open Access Collection
995 ## -
-- ANNEX COLLECTION (Main Library)
-- 0.00
-- 740497
-- CBU-MAIN LIBRARY (Kitwe)
-- 1
-- 0.00
-- HC 79.P6 LIN
-- 1
-- AVAILABLE
-- Mar 1, 2010
-- 740497
-- Annex Low-Usage Collection
999 ## -
-- 82210
-- 82210

No items available.